| 000 | 00544cam a22002171 4500 | ||
|---|---|---|---|
| 001 | ne 64003646 | ||
| 003 | DLC | ||
| 005 | 20260227111809.0 | ||
| 008 | 890904s1943 xx 000 0 ara | ||
| 010 | _ane 64003646 | ||
| 035 | _a(OCoLC)23510645 | ||
| 040 |
_aDLC _cMiU _dDLC |
||
| 042 | _apremarc | ||
| 050 | 0 | 0 |
_aH53.A5 _bK5 |
| 100 | 1 | _aKhüri, Ra'lf. | |
| 245 | 1 | 3 | _aal-Fikr al-'Arabi al-ḥadith. |
| 260 | _c1948 | ||
| 300 |
_a289 p. _c26 cm. |
||
| 504 | _aBibliographical footnotes. | ||
| 651 | 0 |
_aArab countries _xIntellectual life. |
|
| 999 |
_c47799 _d47799 |
||